| 000 | 00574nam a2200181 a 4500 | ||
|---|---|---|---|
| 001 | 000037030 | ||
| 005 | 20200930080108.0 | ||
| 008 | 120209s1994 xxu 000 0 spa d | ||
| 020 | _a0897297318 | ||
| 040 |
_aDO-SdBNP _bspa _cBNPHU |
||
| 082 |
_axxxx _aF156 |
||
| 100 | 1 |
_aFagundo, Ana María _963434 |
|
| 245 | 1 | 3 |
_aLa miríada de los sonámbulos. / _cAna María Fagundo. |
| 260 |
_aMiami, Estados Unidos : _bEdiciones Universal, _c1994. |
||
| 300 |
_a95 p. ; _c22 cm. |
||
| 490 | 1 |
_aColección hispánica/narrativa _v4 |
|
| 830 | 0 |
_aColección hispánica/narrativa _v4 _963435 |
|
| 999 |
_c36520 _d36520 |
||